01725nam a22001937a 4500008004100000020001500041050001900056100003700075245013200112250001800244260004200262300002300304490002700327500010800354504005500462505095200517650002901469700003301498181112s2005 sp |||| |||| 001 0 spa d a8445814664 4aRD99bN38 2005 aNavarro Gómez, Victoriaeautor10aEnfermería médico-quirúrgicab: necesidad de comunicación y seguridadc/ Victoria Navarro Gómez, Gloria Novel Martí a2a. edición3 aBarcelonaaEspañab: Massonc, 2005 axix, 221 páginas0 aMaster de enfermería aIncluye sistema de evaluación (pp. 203-216) Incluye índice alfabético de materias (pp. 217-221) aIncluye bibliografía al final de cada capítulo1 aLa comunicación y la seguridad como necesidades fundamentales de la persona. Conceptos introductorios La comunicación como necesidad fundamental de la persona Cuidados enfermeros a las personas con trastornos auditivos Principales alteraciones del oído Plan de cuidados estandarizado para las personas con déficit auditivo Cuidados enfermeros a las personas con trastornos del aparato ocular Principales alteraciones de los ojos Plan de cuidados estandarizados para las personas con déficit visual Necesidad de seguridad Cuidados enfermeros a las personas que sufren quemaduras Plan de cuidados estandarizado para las personas que sufren quemaduras Generalidades acerca de las intoxicaciones Conceptos teóricos básicos de inmunología Principales alteraciones inmunológicas Plan de cuidados estandarizados para las personas con déficit inmunitario Cuidados enfermeros a las personas con síndrome de inmunodeficiencia adquirida14aMANUALES DE ENFERMERÍA1 aNovel Martí, Gloriaeautor